Security Manager's Guide to Disasters : (Record no. 592188)

MARC details
000 -LEADER
fixed length control field 00467nam a2200181 a 4500
008 - FIXED-LENGTH DATA ELEMENTS--GENERAL INFORMATION
fixed length control field 251018s2009##################000#0#eng##
020 ## - INTERNATIONAL STANDARD BOOK NUMBER
ISBN 9781439809068
082 04 - DEWEY DECIMAL CLASSIFICATION NUMBER
Classification number 658.477
Item number MAN
100 1# - MAIN ENTRY--AUTHOR NAME
Personal name Manley, Anthony D.,
245 10 - TITLE STATEMENT
Title Security Manager's Guide to Disasters :
260 ## - PUBLICATION, DISTRIBUTION, ETC. (IMPRINT)
Name of publisher CRC Press,
Year of publication 2009.
650 #0 - SUBJECT ADDED ENTRY--TOPICAL TERM
Topical Term Business & Economics.
942 ## - ADDED ENTRY ELEMENTS (KOHA)
Koha item type English Books
Holdings
Withdrawn status Lost status Damaged status Not for loan Home library Current library Shelving location Date acquired Full call number Accession Number Price effective from Koha item type
        Anna Centenary Library Anna Centenary Library 6TH FLOOR, B WING 18.10.2025 658.477 MAN 150255 18.10.2025 English Books

Find us on the map